书目信息 |
| 题名: |
打工者权益法律保护
|
|
| 作者: | 郭卫华 , 李富成 主编 | |
| 分册: | ||
| 出版信息: | 北京 西苑出版社 2001.08 |
|
| 页数: | 373页 | |
| 开本: | 21cm | |
| 丛书名: | 21世纪法律保护丛书 | |
| 单 册: | ||
| 中图分类: | D922.5 | |
| 科图分类: | ||
| 主题词: | 法律--中国 | |
| 电子资源: | ||
| ISBN: | 7-80108-494-2 | |
| 000 | 00766nam0 2200241 450 | |
| 001 | 0431305938 | |
| 005 | 20040406084146.54 | |
| 010 | @a7-80108-494-2@dCNY25.00 | |
| 100 | @a20040406d2001 km y0chiy0120 ea | |
| 101 | 0 | @achi |
| 102 | @aCN@b110000 | |
| 200 | 1 | @a打工者权益法律保护@d=Legal Protection of Labors@Ada gong zhe quan yi fa lu bao hu@f郭卫华,李富成主编@Fguo wei hua,li fu cheng zhu bian |
| 210 | @a北京@c西苑出版社@d2001.08 | |
| 215 | @a373页@d21cm | |
| 225 | 2 | @a21世纪法律保护丛书 |
| 410 | 0 | @12001 @a21世纪法律保护丛书 |
| 510 | @a=Legal Protection of Labors | |
| 606 | 0 | @a法律@x中国 |
| 690 | @aD922.5@v4 | |
| 701 | 0 | @a郭卫华@Aguo wei hua@4主编 |
| 701 | 0 | @a李富成@Ali fu cheng@4主编 |
| 801 | 0 | @aCN@bPFT@c20040406 |
| 905 | @aBZT@dD922.5@e1@f8 | |
| 打工者权益法律保护=Legal Protection of Labors/郭卫华,李富成主编.-北京:西苑出版社,2001.08 |
| 373页;21cm.-(21世纪法律保护丛书) |
| ←并列题名:=Legal Protection of Labors |
| ISBN 7-80108-494-2:CNY25.00 |
| ● |
| 相关链接 |
|
|
|
正题名:打工者权益法律保护
索取号:D922.5/1
 
预约/预借
| 序号 | 登录号 | 条形码 | 馆藏地/架位号 | 状态 | 备注 |
| 1 | 0362259 | 230077067 | 中心书库南/013架B面6层2列/ [索取号:D922.5/1] | 在馆 | |
| 2 | 0362260 | 230077066 | 中心书库南/013架B面6层2列/ [索取号:D922.5/1] | 在馆 | |
| 3 | 0362261 | 230077065 | 中心书库南/013架B面6层2列/ [索取号:D922.5/1] | 在馆 | |
| 4 | 0362262 | 230077063 | 中心书库南/013架B面6层2列/ [索取号:D922.5/1] | 在馆 | |
| 5 | 0362263 | 230077068 | 中心书库南/007架A面3层4列/ [索取号:D922.5/1] | 在馆 | |
| 6 | 0362264 | 230077062 | 中心书库南/013架B面6层2列/ [索取号:D922.5/1] | 在馆 | |
| 7 | 0362265 | 230077064 | 中心书库南/013架B面6层2列/ [索取号:D922.5/1] | 在馆 | |
| 8 | 2001062243 | 2001062243 | 样本书库/样008架A面2层3列/ [索取号:D922.5/1] | 在馆 |